000 00879nam0a22002651 4500
001 rc\4621859
005 20260407061756.0
035 _a(NLR Aleph) 008400119
090 _a9231139
_c9231139
100 _a20130416d1959 |||y0rusy50 ca
101 0 _arus
102 _aRU
105 _ay z |||||
200 1 _aПлан научно-исследовательской работы НИИ музееведения на 1959-1965 гг.
210 _aМосква
_cБ. и.
_d1959
215 _a14 л.
_d29
300 _aТекст на одной стороне листа
300 _aЛитогр.
333 _aДля служебного пользования
710 0 2 _aНИИ музееведения
_cМосква
_3RU\NLR\AUTH\8810028853
_9556271
801 0 _aRU
_bNLR
_gpsbo
801 1 _aRU
_bELAR
_2rusmarc
852 _aNLR
_j59-8/2383
942 _cBOOK
980 _aNB